| 000 | 01442cam a2200337 a 4500 | ||
|---|---|---|---|
| 001 | 12774562 | ||
| 005 | 20160713121616.0 | ||
| 008 | 020514s2003 cau b 000 0 eng | ||
| 010 | _a 2002007684 | ||
| 020 | _a0761946314 (cloth : acidfree paper) | ||
| 020 | _a0761946322 (pbk. : acidfree paper) | ||
| 040 |
_aDLC _cDLC _dDLC |
||
| 043 | _an-us--- | ||
| 050 | 0 | 0 |
_aLB1731.4 _b.P67 2003 |
| 082 | 0 | 0 |
_a371.102 _221 |
| 100 | 1 | _aPortner, Hal. | |
| 245 | 1 | 0 |
_aMentoring new teachers / _cHal Portner ; foreword by Gerald N. Tirozzi. |
| 250 | _aUpdated ed. | ||
| 260 |
_aThousand Oaks, Calif. : _bCorwin Press, _cc2003. |
||
| 300 |
_axv, 104 p. ; _c24 cm. |
||
| 504 | _aIncludes bibliographical references (p. 77-94). | ||
| 650 | 0 |
_aMentoring in education _zUnited States. |
|
| 650 | 0 |
_aFirst year teachers _zUnited States. |
|
| 650 | 0 |
_aTeachers _xIn-service training _zUnited States. |
|
| 856 | 4 | 2 |
_3Publisher description _uhttp://www.loc.gov/catdir/enhancements/fy0658/2002007684-d.html |
| 856 | 4 | 1 |
_3Table of contents only _uhttp://www.loc.gov/catdir/enhancements/fy0658/2002007684-t.html |
| 856 | 4 | 2 |
_3Contributor biographical information _uhttp://www.loc.gov/catdir/enhancements/fy0734/2002007684-b.html |
| 906 |
_a7 _bcbc _corignew _d1 _eecip _f20 _gy-gencatlg |
||
| 942 |
_2lcc _cBOOKS _hLB 1731.4 .P67 2002 |
||
| 999 |
_c11998 _d11998 |
||